مفاتيح التراث:معجم الاديان و المعتقدات و المعارف قبل الاسلام / (رقم التسجيلة. 142019)
[ عرض عادي ]
| 000 -LEADER | |
|---|---|
| fixed length control field | 00598nam a22001817a 4500 |
| 005 - DATE AND TIME OF LATEST TRANSACTION | |
| control field | 20251108175754.0 |
| 008 - FIXED-LENGTH DATA ELEMENTS--GENERAL INFORMATION | |
| fixed length control field | 250721s2021 xx 000 0 ara d |
| 082 14 - DEWEY DECIMAL CLASSIFICATION NUMBER | |
| Classification number | م/200.3/عبي |
| 100 1# - MAIN ENTRY--PERSONAL NAME | |
| Personal name | عبيدالله، محمد |
| 245 10 - TITLE STATEMENT | |
| Title | مفاتيح التراث:معجم الاديان و المعتقدات و المعارف قبل الاسلام / |
| 264 1# - PRODUCTION, PUBLICATION, DISTRIBUTION, MANUFACTURE, AND COPYRIGHT NOTICE | |
| Place of production, publication, distribution, manufacture | عمان : |
| Name of producer, publisher, distributor, manufacturer | دار الفارس للنشر و التوزيع، |
| Date of production, publication, distribution, manufacture, or copyright notice | 2021. |
| 300 ## - PHYSICAL DESCRIPTION | |
| Extent | 503ص. |
| 650 17 - SUBJECT ADDED ENTRY--TOPICAL TERM | |
| Topical term or geographic name as entry element | القواميس |
| 650 17 - SUBJECT ADDED ENTRY--TOPICAL TERM | |
| Topical term or geographic name as entry element | الديانات |
| 650 17 - SUBJECT ADDED ENTRY--TOPICAL TERM | |
| Topical term or geographic name as entry element | التراث |
| 942 ## - ADDED ENTRY ELEMENTS (KOHA) | |
| Source of classification or shelving scheme | Dewey Decimal Classification |
| Koha item type | مراجع |
| حالة السحب | حالة الفقدان | مصدر التصنيف | حالة التلف | غير قابل للإعارة | المكتبة الرئيسية | المكتبة الحالية | موقع الرف | تاريخ التزويد | الرقم المتسلسل | Total Checkouts | رقم الإستدعاء | الباركود | تاريخ آخر ظهور | تاريخ الفاتورة | نوع المادة (كوها) |
|---|---|---|---|---|---|---|---|---|---|---|---|---|---|---|---|
| Dewey Decimal Classification | Not For Loan | المكتبة المركزية | المكتبة المركزية | مراجع | 28/07/2025 | 1755076 | م/200.3/عبي | PLD00491047 | 28/07/2025 | 28/07/2025 | مراجع | ||||
| Dewey Decimal Classification | المكتبة المركزية | المكتبة المركزية | مقتنيات قسم التزويد | 28/07/2025 | 1755077 | م/200.3/عبي | 28/07/2025 | 28/07/2025 | مراجع | ||||||
| Dewey Decimal Classification | المكتبة المركزية | المكتبة المركزية | مقتنيات قسم التزويد | 28/07/2025 | 1755078 | م/200.3/عبي | 28/07/2025 | 28/07/2025 | مراجع | ||||||
| Dewey Decimal Classification | Not For Loan | مكتبة أبو علندا العامة | مكتبة أبو علندا العامة | مراجع | 01/08/2021 | 1755080 | م/200.3/عبي | PLD00491060 | 28/07/2025 | 01/08/2021 | مراجع | ||||
| Dewey Decimal Classification | Not For Loan | مكتبة أم قصير والمقابلين العامة | مكتبة أم قصير والمقابلين العامة | مراجع | 01/08/2021 | 1755079 | م/200.3/عبي | PLD00491059 | 28/07/2025 | 01/08/2021 | مراجع | ||||
| Dewey Decimal Classification | Not For Loan | مكتبة الاميرة بديعة | مكتبة الاميرة بديعة | مراجع | 01/08/2021 | 1755083 | م/200.3/عبي | PLD00491063 | 28/07/2025 | 01/08/2021 | مراجع | ||||
| Dewey Decimal Classification | Not For Loan | مكتبة الجويدة | مكتبة الجويدة | مراجع | 01/08/2021 | 1755081 | م/200.3/عبي | PLD00491061 | 28/07/2025 | 01/08/2021 | مراجع | ||||
| Dewey Decimal Classification | Not For Loan | مكتبة الحسن العامة | مكتبة الحسن العامة | مراجع | 01/08/2021 | 1755082 | م/200.3/عبي | PLD00491062 | 28/07/2025 | 01/08/2021 | مراجع | ||||
| Dewey Decimal Classification | Not For Loan | مكتبة صويلح العامة | مكتبة صويلح العامة | مراجع | 01/08/2021 | 1755084 | م/200.3/عبي | PLD00491064 | 28/07/2025 | 01/08/2021 | مراجع |